00948nam a2200241 a 450000100100000000500170001000800410002702000150006804000250008310000240010824500690013226000270020130000260022849000340025450400730028850000320036150000490039350500280044271000730047083000410054395201050058499900170068900004125920201002034731.0130927s1982 sp 000 0 spa d a8400051564 aDO-SdBNPbspacBNPHU1 aArranz, Luis96786310aDon Diego Colón, almirante, virrey y gobernador de las Indias. aMadrid :bCSIC,c1982. av. (392) p. ;c25 cm.1 aTierra nueva e cielo nuevov5 aIncluye referencias bibliográficas y notas al pie de las páginas aLa biblioteca posee el v. 1 aMedio milenio del decubrimiento de América av. 1tDon Diego Colón2 aConsejo Superior de Investigaciones Científicas, (España)963834 0aTierra nueva e cielo nuevov5915388 001050718MOaGRbGRcCTd2013-09-27iLF1l0o p41259-10r2020-06-25w2020-06-25y1ZNo se presta c40749d40749